Sdělovací systémy s optickými vlákny
Guardado en:
| Autor principal: | |
|---|---|
| Formato: | Libro |
| Lenguaje: | checo |
| Publicado: |
Praha :
NADAS,
1983
|
| Etiquetas: |
Sin Etiquetas, Sea el primero en etiquetar este registro!
|
MARC
| LEADER | 00000nam a22000003a 4500 | ||
|---|---|---|---|
| 001 | stu88117 | ||
| 005 | 20150617225630.4 | ||
| 008 | 040617s1983------------------------cze-d | ||
| 040 | |a STU |b slo | ||
| 041 | 0 | |a cze | |
| 080 | |a 621.383.049 | ||
| 080 | |a 621.391 | ||
| 100 | 1 | |a Kubíček, Zdeněk |4 aut | |
| 245 | 1 | |a Sdělovací systémy s optickými vlákny | |
| 260 | |a Praha : |b NADAS, |c 1983 | ||
| 300 | |a 164 s | ||
| 996 | |b E53072 |c E*53072 |l EE16 |s P |a 0 |w stu88117_0001 | ||
| 996 | |c I*3S2899 |l I |s A |a 24 |w stu88117_0002 | ||
| 996 | |b E53111 |c E*53111 |l EE05 |s P |a 0 |w stu88117_0003 | ||
| 996 | |b E54569 |c E*54569 |l EE05 |s P |a 0 |w stu88117_0004 | ||
| 996 | |b E53109 |c E*53109 |l EE05 |s P |a 0 |w stu88117_0005 | ||